<?xml version="1.0" encoding="UTF-8"?>
<marc:record xmlns:marc="http://www.loc.gov/MARC21/slim">
   <marc:leader>00000nam a2200000 a 4500</marc:leader>
   <marc:datafield ind1="1" ind2=" " tag="100">
      <marc:subfield code="a">Corti, Elisa</marc:subfield>
      <marc:subfield code="4">aut</marc:subfield>
      <marc:subfield code="e">Verfasser/-in</marc:subfield>
   </marc:datafield>
   <marc:datafield ind1="0" ind2="0" tag="245">
      <marc:subfield code="a">Tödliche Begegnung</marc:subfield>
   </marc:datafield>
   <marc:datafield ind1="0" ind2="0" tag="245">
      <marc:subfield code="b">Ein Lombardei-Krimi</marc:subfield>
   </marc:datafield>
   <marc:datafield ind1="0" ind2="0" tag="245">
      <marc:subfield code="c">Elisa Corti</marc:subfield>
   </marc:datafield>
   <marc:datafield ind1=" " ind2="1" tag="264">
      <marc:subfield code="a">Köln</marc:subfield>
      <marc:subfield code="b">Lübbe</marc:subfield>
      <marc:subfield code="c">2026</marc:subfield>
   </marc:datafield>
   <marc:datafield ind1="1" ind2=" " tag="490">
      <marc:subfield code="a">Lombardei-Krimi</marc:subfield>
      <marc:subfield code="v">2</marc:subfield>
   </marc:datafield>
   <marc:datafield ind1=" " ind2=" " tag="250">
      <marc:subfield code="a">1. Auflage</marc:subfield>
   </marc:datafield>
   <marc:datafield ind1="1" ind2=" " tag="520">
      <marc:subfield code="a">Eine mörderische Affäre am Comer See
&lt;br&gt;
Gerade wollte Commissaria Giovanna Ruggieri ihre Pasta al ragù genießen, als sie ein Anruf erreicht: Es gab einen tödlichen Streit an der Uferpromenade von Varenna am Comer See. Dort sieht Giovanna einen Mann über den toten Körper seiner Geliebten gebeugt, eine blutige Waffe in der Hand. Wenig später lässt der Mann sich wortlos und ohne jede Gegenwehr abführen. Giovannas Instinkt sagt ihr, dass hier etwas ganz und gar nicht stimmt. Und eine spektakuläre Information von ihrer Kollegin Ispettrice Maria di Bartolomeo bestärkt sie in ihrem Verdacht. Schon bald kommen die beiden Polizistinnen einem Verbrechen auf die Spur, bei dem nichts ist, wie es scheint ...
&lt;br&gt;
Traumhaftes italienisches Sommerflair, eine eigenbrötlerische Commissaria und eine Ispettrice mit chaotischer Familie als starkes Team in einem mitreißenden Fall mit unerwartetem Finale
&lt;br&gt;
&lt;br&gt;
</marc:subfield>
   </marc:datafield>
   <marc:datafield ind1=" " ind2=" " tag="020">
      <marc:subfield code="a">9783757701888</marc:subfield>
      <marc:subfield code="9">9783757701888</marc:subfield>
   </marc:datafield>
   <marc:datafield ind1=" " ind2=" " tag="020">
      <marc:subfield code="a">3757701887</marc:subfield>
      <marc:subfield code="9">3757701887</marc:subfield>
   </marc:datafield>
   <marc:datafield ind1=" " ind2=" " tag="041">
      <marc:subfield code="a">ger</marc:subfield>
   </marc:datafield>
   <marc:datafield ind1=" " ind2=" " tag="300">
      <marc:subfield code="a">288 Seiten</marc:subfield>
   </marc:datafield>
</marc:record>
